For space / (Record no. 8836)

000 -LEADER
fixed length control field 00660cam a22002177a 4500
003 - CONTROL NUMBER IDENTIFIER
control field OSt
005 - DATE AND TIME OF LATEST TRANSACTION
control field 20260407142042.0
008 - FIXED-LENGTH DATA ELEMENTS--GENERAL INFORMATION
fixed length control field 050418s2005 enkab f b 001 0 eng d
020 ## - INTERNATIONAL STANDARD BOOK NUMBER
International Standard Book Number 9781412903622
Qualifying information (pbk.)
082 04 - DEWEY DECIMAL CLASSIFICATION NUMBER
Classification number 304.201
Edition number 22
100 1# - MAIN ENTRY--PERSONAL NAME
Personal name Massey, Doreen B.
245 10 - TITLE STATEMENT
Title For space /
Statement of responsibility, etc Doreen Massey.
260 ## - PUBLICATION, DISTRIBUTION, ETC. (IMPRINT)
Place of publication, distribution, etc London ;
-- Thousand Oaks, Calif. :
Name of publisher, distributor, etc SAGE,
Date of publication, distribution, etc 2005.
300 ## - PHYSICAL DESCRIPTION
Extent viii, 222 p. :
Other physical details ill., maps ;
Dimensions 25 cm.
504 ## - BIBLIOGRAPHY, ETC. NOTE
Bibliography, etc Includes bibliographical references (p. [204]-216) and index.
650 #0 - SUBJECT ADDED ENTRY--TOPICAL TERM
Topical term or geographic name as entry element Geographical perception.
650 #0 - SUBJECT ADDED ENTRY--TOPICAL TERM
Topical term or geographic name as entry element Political geography.
650 #0 - SUBJECT ADDED ENTRY--TOPICAL TERM
Topical term or geographic name as entry element Globalization.
650 #0 - SUBJECT ADDED ENTRY--TOPICAL TERM
Topical term or geographic name as entry element Regionalism
General subdivision Philosophy.
942 ## - ADDED ENTRY ELEMENTS (KOHA)
Source of classification or shelving scheme

No items available.

Copyright © 2025, The Librarian, Library and Information Centre, BMSCA D&P, Bengaluru. All Rights Reserved
web counter

Powered by Koha